00422cam a2200157 i 4500020002600000082001900026100001800045245005600063260002600119300002100145500002000166650002300186650001500209700001700224700002300241 a9781119349839 (cloth)00a330.015195 SIL1 aSilvia, John,10aEconomic modeling in the post great recession era : aNew YorkbWileyc2017 axxi, 378 pages ; aIncludes index. 0aEconometric models 0aRecessions1 aIqbal, Azhar1 aHouse, Sarah Watt,